书目信息 |
| 题名: |
中国民族统计年鉴(2000年)
|
|
| 作者: | ;国家民族事务委员会 , 国家统计局 编 | |
| 分册: | ||
| 出版信息: | 北京 民族出版社 2000 |
|
| 页数: | 671页 | |
| 开本: | 彩图 | |
| 丛书名: | ||
| 单 册: | ||
| 中图分类: | C83 | |
| 科图分类: | ||
| 主题词: | 民族工作--min zu gong zuo--中国--1949---年鉴 , 民族经济--min zu jing ji--统计资料--中国--1949---年鉴 , 统计资料--世界 | |
| 电子资源: | ||
| ISBN: | 7-105-04252-4 | |
| 000 | 00915nam0 2200253 45 | |
| 001 | CAL 011999053310 | |
| 005 | 20031219104054.6 | |
| 010 | @a7-105-04252-4@b精装@dCNY140.00 | |
| 100 | @a19981009a20009999fkmy0chi 0120ea | |
| 101 | 0 | @achi |
| 102 | @aCN@b110000 | |
| 106 | @ar | |
| 110 | @aakahh 0xx0 | |
| 200 | 1 | @a中国民族统计年鉴(2000年)@AZhong Guo Min Zu Tong Ji Nian Jian(2000 Nian)@f国家民族事务委员会经济司, 国家统计局国民经济综合统计司编 |
| 210 | @a北京@c民族出版社@d2000 | |
| 215 | @a671页@d彩图@d26cm | |
| 606 | @a民族工作@Amin zu gong zuo@y中国@z1949-@j年鉴 | |
| 606 | @a民族经济@Amin zu jing ji@x统计资料@y中国@z1949-@j年鉴 | |
| 606 | 0 | @a统计资料@x世界 |
| 690 | @aC83@v4 | |
| 712 | 02 | @a国家民族事务委员会@Aguo jia min zu shi wu wei yuan hui@b经济司@4编 |
| 712 | 02 | @a国家统计局@Aguo jia tong ji ju @b国民经济综合统计司@4编 |
| 801 | @aCN@bTSTC@c20020416 | |
| 905 | @b308261@dC83@e23:(2000)@f1 | |
| 中国民族统计年鉴(2000年)/国家民族事务委员会经济司, 国家统计局国民经济综合统计司编.-北京:民族出版社,2000 |
| 671页;彩图;26cm |
| ISBN 7-105-04252-4(精装):CNY140.00 |
| ● |
| 相关链接 |
|
|
|
|
正题名:中国民族统计年鉴(2000年)
索取号:C83/23:(2000)
 
预约/预借
| 序号 | 登录号 | 条形码 | 馆藏地/架位号 | 状态 | 备注 |
| 1 | 0308261 | 203082617 | 第一样本阅览室/ [索取号:C83/23:(2000)] | 在馆 |